000 00580nam a2200193Ia 4500
001 49203
005 20250311123207.0
008 250311s9999 xx 000 0 und d
020 _aNA
040 _cPK-LaUMT
082 _a346.002645491
_bCIV-
245 _aCivil law cases [CLC, Vol. XLVI, 2024] :
_bmonthly journal of civil rulings /
_cedited by Muhammad Azhar, Kashif Zubair and Muhammad Faizan Azhar
260 _aLahore,Pakistan:
_bThe Civil Law Cases,
_c2024
300 _a3 vols.
501 _a3 vols.
546 _aEN
650 _aCivil cases
_95013
942 _cLPJ
999 _c137100
_d137100